| 000 | 00690nam a2200169 a 4500 | ||
|---|---|---|---|
| 008 | 120416s1970 ||||||||||||||||| || u | ||
| 050 | _aHD 82 Gri | ||
| 100 | _aGriffin, Keith B | ||
| 245 | 1 | 0 | _aPlanning development |
| 260 |
_aLondon _bAddison-Wesley _c[1970] |
||
| 300 | _axiii,262p. | ||
| 350 | _a0.00 | ||
| 650 | 0 | _aECONOMICS | |
| 650 | _aECONOMIC PLANNING--DEVELOPMENT | ||
| 995 |
_aANNEX COLLECTION (Main Library) _D0.00 _e704122 _FCBU-MAIN LIBRARY (Kitwe) _H1 _I0.00 _jHD 82 Gri _M1 _UAVAILABLE _y003945 _ZAnnex Low-Usage Collection |
||
| 995 |
_aANNEX COLLECTION (Main Library) _D0.00 _e710207 _FCBU-MAIN LIBRARY (Kitwe) _H2 _I0.00 _jHD 82 Gri _M2 _UAVAILABLE _y003946 _ZAnnex Low-Usage Collection |
||
| 999 |
_c81942 _d81942 |
||